<?xml version="1.0" encoding="UTF-8"?>
<record
    xmlns:xsi="http://www.w3.org/2001/XMLSchema-instance"
    xsi:schemaLocation="http://www.loc.gov/MARC21/slim http://www.loc.gov/standards/marcxml/schema/MARC21slim.xsd"
    xmlns="http://www.loc.gov/MARC21/slim">

  <leader>00827nam a22001817a 4500</leader>
  <controlfield tag="005">20250102171228.0</controlfield>
  <datafield tag="010" ind1=" " ind2=" ">
    <subfield code="a">HIN-129063</subfield>
  </datafield>
  <datafield tag="020" ind1=" " ind2=" ">
    <subfield code="a">9789355361578</subfield>
    <subfield code="c">150.00</subfield>
  </datafield>
  <datafield tag="035" ind1=" " ind2=" ">
    <subfield code="a">HN-101409</subfield>
  </datafield>
  <datafield tag="037" ind1=" " ind2=" ">
    <subfield code="b">DBAD</subfield>
  </datafield>
  <datafield tag="082" ind1=" " ind2=" ">
    <subfield code="a">821</subfield>
  </datafield>
  <datafield tag="100" ind1=" " ind2=" ">
    <subfield code="a">&#x932;&#x922;&#x93C;&#x93E;, &#x92E;&#x926;&#x928; &#x917;&#x94B;&#x92A;&#x93E;&#x932; </subfield>
    <subfield code="9">75746</subfield>
  </datafield>
  <datafield tag="245" ind1=" " ind2=" ">
    <subfield code="a">&#x938;&#x941;&#x928;&#x94B; &#x918;&#x917;&#x94D;&#x918;&#x930;  /</subfield>
    <subfield code="c">&#x92E;&#x926;&#x928; &#x917;&#x94B;&#x92A;&#x93E;&#x932; &#x932;&#x922;&#x93C;&#x93E;</subfield>
  </datafield>
  <datafield tag="260" ind1=" " ind2=" ">
    <subfield code="a">&#x91C;&#x92F;&#x92A;&#x941;&#x930;</subfield>
    <subfield code="b">&#x92C;&#x94B;&#x927;&#x93F; &#x92A;&#x94D;&#x930;&#x915;&#x93E;&#x936;&#x928; </subfield>
    <subfield code="c">2022</subfield>
  </datafield>
  <datafield tag="270" ind1=" " ind2=" ">
    <subfield code="a">&#x938;&#x940;-46, &#x938;&#x941;&#x926;&#x930;&#x94D;&#x936;&#x928; &#x907;&#x902;&#x921;&#x938;&#x94D;&#x91F;&#x94D;&#x930;&#x93F;&#x92F;&#x932; &#x90F;&#x930;&#x93F;&#x92F;&#x93E; &#x90F;&#x915;&#x94D;&#x938;&#x91F;&#x947;&#x902;&#x936;&#x928;, &#x928;&#x93E;&#x932;&#x93E; &#x930;&#x94B;&#x921;, 22 &#x917;&#x94B;&#x926;&#x93E;&#x92E; </subfield>
    <subfield code="b">&#x91C;&#x92F;&#x92A;&#x941;&#x930; </subfield>
    <subfield code="e">302006</subfield>
    <subfield code="k">0141-2213700</subfield>
    <subfield code="k">9829018087</subfield>
    <subfield code="m">bodhiprakashan@gmail.com</subfield>
  </datafield>
  <datafield tag="300" ind1=" " ind2=" ">
    <subfield code="a">92 &#x92A;&#x943;.</subfield>
    <subfield code="c">20 &#x938;&#x947;&#x92E;&#x940; (&#x905;&#x91C;&#x93F;&#x932;&#x94D;&#x926;)</subfield>
  </datafield>
  <datafield tag="942" ind1=" " ind2=" ">
    <subfield code="c">HN</subfield>
    <subfield code="2">ddc</subfield>
    <subfield code="h">821</subfield>
    <subfield code="m">&#x932;&#x922;&#x93C;&#x93E;&#x92E;</subfield>
  </datafield>
  <datafield tag="999" ind1=" " ind2=" ">
    <subfield code="c">207949</subfield>
    <subfield code="d">207949</subfield>
  </datafield>
  <datafield tag="952" ind1=" " ind2=" ">
    <subfield code="0">0</subfield>
    <subfield code="1">0</subfield>
    <subfield code="4">0</subfield>
    <subfield code="7">0</subfield>
    <subfield code="8">NFIC</subfield>
    <subfield code="a">RKP</subfield>
    <subfield code="b">RKP</subfield>
    <subfield code="d">2024-12-24</subfield>
    <subfield code="e">DBAD/PUB</subfield>
    <subfield code="g">150.00</subfield>
    <subfield code="l">0</subfield>
    <subfield code="o">821 &#x932;&#x922;&#x93C;&#x93E;&#x92E;</subfield>
    <subfield code="p">HN-101409</subfield>
    <subfield code="r">2024-12-24 00:00:00</subfield>
    <subfield code="t">1</subfield>
    <subfield code="v">150.00</subfield>
    <subfield code="w">2024-12-24</subfield>
    <subfield code="y">HN</subfield>
  </datafield>
</record>
